000
00197 a2200097 4500
001
48630
100
_a
Bryden, H.G
245
_a
Wings
260
_a
London
_b
Faber & Faber
_c
090
_c
31557
_d
31557
942
_a
NUST-CAE
_c
_c
23955
999
_c
283703
_d
283703